书目信息 |
| 题名: |
空军特勤队
|
|
| 作者: | 普西斯 , Pushies 原著 ;杨芳 译 | |
| 分册: | ||
| 出版信息: | 南京 江苏科学技术出版社 2003.03 |
|
| 页数: | 123页 | |
| 开本: | 21cm | |
| 丛书名: | 美国特种部队揭秘丛书 | |
| 单 册: | ||
| 中图分类: | E712.54 | |
| 科图分类: | ||
| 主题词: | 空军--特种部队--概况--美国 , 空军 , 特种部队 | |
| 电子资源: | ||
| ISBN: | 7-5345-3760-6 | |
| 000 | 01041nam2 2200313 45 | |
| 001 | 012003000000 | |
| 005 | 20050112151014.83 | |
| 010 | @a7-5345-3760-6@dCNY 17.80 | |
| 100 | @a20030505d2003 em y0chiy0121 ea | |
| 101 | 1 | @achi@ceng |
| 102 | @aCN@b320000 | |
| 105 | @aaf z 000yy | |
| 200 | 1 | @a空军特勤队@Akong jun te qin dui@f(美)弗雷德国 J. 普西斯(Fred J. Pushies)原著@g杨芳译 |
| 210 | @a南京@c江苏科学技术出版社@d2003.03 | |
| 215 | @a123页@c图, 照片@d21cm | |
| 225 | 2 | @a美国特种部队揭秘丛书 |
| 312 | @a封面并列题名: US air force special OPS | |
| 330 | @a本书内容: 空军特勤队的历史; 空军特勤队作战的起源; 新的使命; 特勤队作战飞机...... | |
| 410 | 0 | @12001 @a美国特种部队揭秘丛书 |
| 510 | 1 | @aUS air force special OPS@zeng |
| 606 | 0 | @a空军@x特种部队@x概况@y美国 |
| 606 | 0 | @a空军 |
| 606 | 0 | @a特种部队 |
| 690 | @aE712.54@v4 | |
| 701 | 1 | @a普西斯@Apu xi si@b弗雷德·J.@4原著 |
| 701 | A1 | @aPushies@bFred J.@4原著 |
| 702 | 0 | @a杨芳@Ayang fang@4译 |
| 801 | 0 | @aCN@bQSSKL1@c20050112 |
| 905 | @a10447@dE712.54@eF590 | |
| 空军特勤队/(美)弗雷德国 J. 普西斯(Fred J. Pushies)原著/杨芳译.-南京:江苏科学技术出版社,2003.03 |
| 123页:图, 照片;21cm.-(美国特种部队揭秘丛书) |
| ISBN 7-5345-3760-6:CNY 17.80 |
| 本书内容: 空军特勤队的历史; 空军特勤队作战的起源; 新的使命; 特勤队作战飞机...... |
| ● |
| 相关链接 |
|
|
|
正题名:空军特勤队
索取号:E712.54/F590
 
预约/预借
| 序号 | 登录号 | 条形码 | 馆藏地/架位号 | 状态 | 备注 |
| 1 | 436727 | 204367274 | 社科库509/509社科库 121排1列5层/ [索取号:E712.54/F590] | 在馆 | |
| 2 | 436728 | 204367283 | 社科库509/509社科库 121排1列5层/ [索取号:E712.54/F590] | 在馆 | |
| 3 | 436729 | 204367292 | 社科库509/509社科库 121排1列5层/ [索取号:E712.54/F590] | 在馆 |